Normal view
MARC view
Entry Personal Name
001 - CONTROL NUMBER
- control field: 61669
003 - CONTROL NUMBER IDENTIFIER
- control field: dpl
005 - DATE AND TIME OF LATEST TRANSACTION
- control field: 20240205164901.0
008 - FIXED-LENGTH DATA ELEMENTS
- fixed length control field: 240205|| aca||aabn | a|a d
040 ## - CATALOGING SOURCE
- Original cataloging agency: dpl
- Transcribing agency: dpl
100 ## - HEADING--PERSONAL NAME
- Personal name: Narayanan,N C
670 ## - SOURCE DATA FOUND
- Source citation: Work cat.: (dpl)200517: Narayanan,N C, Pragmatic leadership;unleashing the leader within/, 2017
